Quizzes
Events
Quiz Creation
Community
Videos
Private Events
Remove Ads
Sign In
Join for FREE
Feedback
Dark Mode
Quiz Categories
Sports
Geography
Music
Movies
Television
Just For Fun
Miscellaneous
History
Literature
Language
Science
Gaming
Entertainment
Religion
Holiday
For Kids
Quiz Lab
Recent
Popular Today
Quiz Kudos Today
Editor Picks
Curator Picks
Quizzes by...
Day
Popularity
Type
Ratings
Length
Year
Community
Subscriptions
Recent Discussions
Orange Saloon
Badges
Playlists
Quests
Create
Leaderboards
Showdown
Live 5
Trivia Bingo
Activity
Puzzle Library
Sporcle Events
Private Events
Virtual Trivia
Globe League
Become a Host
Pub Owners
SporcleCon
Opinionation
Our Games
Videos
Blog
Mobile Apps
Partnerships
Remove Ads and Go Orange
Feedback
Sports
Athletes
MLB
NBA
NHL
NFL
Soccer
Sports Teams
WWE
NCAA
Football
Premier League
Basketball
Baseball
Hockey
Golf
Tennis
Cricket
Rugby
Auto Racing
Olympics
World Cup
Sports
Athletes
MLB
NBA
NHL
NFL
Soccer
Sports Teams
WWE
NCAA
Football
Premier League
Basketball
Baseball
Hockey
Golf
Tennis
Cricket
Rugby
Auto Racing
Olympics
World Cup
Random Quiz
Search Sporcle
×
Quiz Lab
Quiz Lab
Sports
NFL
Type in answers that appear in a list
Type in answers that appear in a list
Classic
Best Score? Go Orange.
NFL - Head Coach Universities Stats
Can you name the NFL-Head Coach Universities?
By
BakedBeans
6m
32 Questions
101 Plays
101 Plays
101 Plays
Comments
Comments
Give Quiz Kudos
Give Quiz Kudos
-
- Ratings
hide this ad
More Info
Replay
Link that replays current quiz
Next Quiz
Link to next quiz in quiz playlist
You Got
0%
They Got
Avg Score
28%
Avg Friend Score
Upgrade to see
Score Distribution
Jump to the score distribution portion of the page
Score
0/32
Timer
06:00
0
Plays Today
College
Head Coach
% Correct
Jeff Fisher
USC
94.1%
Jack Del Rio
USC
94.1%
Todd Haley
Miami
73.3%
Chan Gailey
Florida
64.4%
Norv Turner
Oregon
43.6%
Tom Coughlin
Syracuse
39.6%
Gary Kubiak
Texas A&M
39.6%
Ken Whisenhunt
Georgia Tech
39.6%
Andy Reid
BYU
38.6%
Mike Singletary
Baylor
36.6%
Mike Shanahan
Eastern Illinois
35.6%
Brad Childress
Eastern Illinois
35.6%
Jim Caldwell
Iowa
35.6%
Sean Payton
Eastern Illinois
35.6%
Wade Phillips
Houston
17.8%
Mike Tomlin
William & Mary
17.8%
College
Head Coach
% Correct
Tom Cable
Idaho
16.8%
Eric Mangini
Wesleyan
15.8%
Bill Belichick
Wesleyan
15.8%
Lovie Smith
Tulsa
14.9%
John Harbaugh
Miami of Ohio
14.9%
Jim Schwartz
Georgetown
13.9%
John Fox
San Diego State
11.9%
Pete Carroll
Pacific
9.9%
Josh McDaniels
John Carroll
8.9%
Marvin Lewis
Idaho State
6.9%
Tony Sparano
New Haven
5.9%
Raheem Morris
Hofstra
5.9%
Rex Ryan
Southwestern Oklahoma State
5%
Steve Spagnuolo
Springfield
3%
Mike McCarthy
Baker
3%
Mike Smith
East Tennessee State
2%
Quiz Playlist
Details
Report
Send in Message
Add To Playlist
More Info:
Name the college or university that each current NFL head coach attended.
Classic:
Type in answers that appear in a list
Last Updated: Feb 16, 2017
Quiz Scoreboard
CHALLENGE
Sign Up to Join the Scoreboard
Show All
Scores
Hide
Comments
May contain spoilers
Recently Published
College Basketball Coaching Resumes
by pancakes188
Sports
9m
Billboard Blitz: Fleetwood Mac
by CooCooCachoo
Music
15s
Presidents Visiting Landmarks
by Hejman
History
7m
More to Explore
Quiz From the Vault
Featured Blog Post
Where Did the Easter Bunny Come From?
hide this ad
You Might Also Like...
Tags
College Quiz
NFL Quiz
University Quiz
alumni
coach
Today's Top Quizzes in Sports
Browse Sports
hide this ad
Today's Top Quizzes in NFL
Browse NFL
Top Contributed Quizzes in Sports
1
Les meilleurs buteurs des matchs entre le PSG et l’OM
2
2022 World Cup Stars
3
FIFA Club World Cup Champions
4
Les entraîneurs de l'OM et du PSG au 21e siècle
5
Criteria MLB: Left Handed Sluggers
6
AFC Teams Reveal (Wrong Answers Minefield)
7
5-to-1: UK Sports Teams
8
Name the Premier League winners with different clubs
9
5-to-1: FBS Animal Nicknames
10
Players with Multiple 50 Home Run Seasons
Explore More
Trending Topics
Harry Potter
NBA
Disney
Anime
Crossword
Kpop
Marvel
Country
Soccer
Song
The Office
WWE
Puzzle
Pokémon
NFL
hide this ad
More By:
BakedBeans
Quiz
Plays
Rating
Category
Featured
Created
NFL - Head Coach Universities
101
1.50
Sports
Sep 15, 2010
Go to Creator's Profile
Score Distribution
Quiz Creator Spotlight
BakedBeans
Follow
Send a Message
Quizzes Created
-
Created Quiz Play Count
-
More By This Creator
Popular Quizzes Today
1
Find the US States - No Outlines Minefield
2
Find the Countries of Europe - No Outlines Minefield
3
The Countries of the World
4
Find the US States
5
Risky Map Clicking: Biggest States A-Z
6
US States
7
Popular People in 1961
8
Movies - When Are They Set?
More Sports Quizzes
4-to-1 Blitz: World Rally Championship drivers
Curator's Pick
Trending Quizzes
Risky Map Clicking: Least Populous States A-Z
1-10 Letter G Words
1-10 Letter F Words
Risky Map Clicking: Next State Alphabetically
Click the Washington State Counties! (Map)
Recently Updated
Leaping Animals
pecheneg
Reality TV Shows (A-Z)
bhenderson79
Rickey Henderson's Hall of Fame Teammates
pecheneg
Champions League XIs: Arsenal
pecheneg
Quick Pick: Celebrities in WWE's Hall of Fame
aduchscher
A-Z Keypad Blitz II
pecheneg
Multiple Oscar Actors
pecheneg
Mystery Phrase Blitz: Oscar 'Best Actors'
pecheneg
F. Scott Fitzgerald Novels
LTH
Pick 3 Villains
ddd62291
Trending Topics
Harry Potter
Crossword
NBA
Anime
Kpop
Disney
Marvel
Country
WWE
NFL
Pokémon
The Office
Soccer
Puzzle
Song
Your Account Isn't Verified!
In order to create a playlist on Sporcle, you need to verify the email address you used during registration. Go to your
Sporcle Settings
to finish the process.
Report this User
Report this user for behavior that violates our
Community Guidelines
.
Details:
Send Report
Go to the Sporcle.com Mobile Site →
Comments